000 00614nam a22001697a 4500
003 OSt
005 20171010095447.0
008 120615t xxu||||| |||| 00| 0 eng d
040 _aMMSU
_cULS
100 _aBugarin, Joseph A., Marumi, Lovely P., Reyes, Romelyn F.
_910367
245 _aCoin-operated cellphone autoloader
_cJoseph A. Bugarin, Lovely P. Marumi, Romelyn F. Reyes
260 _c2007
300 _axi, [95] leaves
_c28 cm.
500 _aThesis (BS Computer Engineering) -- Mariano Marcos State University-College of Engineering, Batac City
504 _aBibliography: leaf 51
942 _2ddc
_cTHEDIS
999 _c9571
_d9571